1669 1677 1224 1460 1715 1483 1903 1894 1199 1880 1097 1327 1802 1668 1805 1941 1025 1875 1932 1890 1782 1992 1469 1115 1203 1498 1209 1269 1158 1519 1947 1436 1076 1223 1646 1655 1486 1111 1531 1624 1221 1035 1946 1441 1241 1067 1419 1160 1815 1503 1496 1889 1803 1938 1227 1068 1682 1880 1409 1732 1280 1838 1303 1193 1381 1579 1854 1859 1468 1991 1357 1144 1164 1667 1344 1223 1199 1322 1058 1620 1212 1316 1668 1722 1971 1832 1773 1367 1000 1510 1433 1970 1794 1134 1808 1291 1955 1085 1782 BCNSPRNW ULIB Ver.6.0+V

เปลี่ยนเป็นภาษาไทย

Change to English
 แสดงรายละเอียดบรรณานุกรม
  กลับหน้าหลัก

Brief Record : Get Marc (ISO 2709) : E-mail record : QR code < ปิดหน้าต่าง
LEADER : 00000nam 2200000uu 4500
001    13399126462
003     ULIB
008    180918s2560||||th 000 0 tha d
020    ^a9786164260351
050 04 ^aH62.15^bน347ก
100 0  ^aนิทรา กิจธีระวุฒิวงษ์,^eผู้แต่ง
245 10 ^aการวิจัยทางสาธารณสุข :^bจากหลักการสู่การปฏิบัติ /^cนิทรา กิจธีระวุฒิวงษ์
246 31 ^aPublic health research :^bfrom principle to practice
260    ^aพิษณุโลก :^bสำนักพิมพ์มหาวิทยาลัยนเรศวร,^c2560
300    ^a345 หน้า ;^c26 ซม
650  4 ^aสาธารณสุข^xวิจัย
650  4 ^aสาธารณสุขศาสตร์^xวิจัย
945    ^p450^l0^i26673
945    ^p450^l0^i26672
999    ^aกัณชพร จุลอักษร
รายการนี้ยังไม่มีแท็ก
คุณยังไม่ได้ล็อกอิน คุณสามารถมีกิจกรรมร่วมกับเว็บไซต์ได้ แต่ต้องล็อกอินก่อน ::
  ล็อกอิน

รายการสื่อสารสนเทศ

ลำดับที่ ประเภท เลขเรียก/บาร์โค้ด สถานที่ สถานะ
1. หนังสือสำรอง
หนังสือสำรอง
H62.15 น347ก ฉ.1 
  Barcode: 26672
ห้องสมุดวิทยาเขตนครสวรรค์
►หนังสือทั่วไป:l:General Books
บนชั้น
2. วิทยาศาสตร์การแพทย์ และสุขภาพ
วิทยาศาสตร์การแพทย์ และสุขภาพ
H62.15 น347ก ฉ.2 
  Barcode: 26673
ห้องสมุดวิทยาเขตนครสวรรค์
►หนังสือทั่วไป:l:General Books
บนชั้น

รายการใกล้เคียง
    หัวเรื่อง [สาธารณสุข วิจัย]

BibComment


ยังไม่เคยถูกคอมเมนท์

คอมเมนท์ทรัพยากรรายการนี้
  คอมเมนท์: การวิจัยทางสาธาร..


 Copyright 2026. Bcnsprnw @Library